00872 a2200169 4500003000500000005001700005020001500022040000900037082001800046100001400064245004700078260004400125300000900169505047600178600001400654650003400668Nust20221228171640.0 a0704200791 cNust a621.38804,SHA aJay Shane aOn the color TV service bench /cJay shane aBlue Ridge SummitbPa., Tab Booksc1974 a190p aUnscrambling Brightness Problems (Page-7), Color Chassis Horizontal Problems (Page-25), The Horizontal Oscillator (Page-36), High Voltage Regulation (Page-51), Feedback HV Regulators (Page-63), Analyzing Vertical Problems (Page-77), Video And Chroma Amplifiers (Page-90), Color Sync (Page-103), Color Killer, Detector And Burst Amplifier (Page-115), Color Receiver Alignment (Page-141), The Alignment Procedure (Page-151), Troubleshooting With Alignment Gear (Page-170). aJay Shane aOn the color TV service bench